| 000 | 00592nam a22001457a 4500 | ||
|---|---|---|---|
| 003 | OSt | ||
| 005 | 20150917110257.0 | ||
| 008 | 150917b xxu||||| |||| 00| 0 eng d | ||
| 040 | _cRUA | ||
| 082 | _aAGR SEN 2002 B023 Or.1 | ||
| 100 |
_9658 _aSENG, BUNTHOEUN. |
||
| 245 | _aBiography of cassava at royal university of agriculture លក្ខណ:ជីវសាស្រ្តនៃដំណាំដំឡូងឈើក្នុងលក្ខ័ខណ្ខ័សាកលវិទ្យាល័យភូមិន្ទកសិកម្ម | ||
| 300 |
_a45p. _bill. _c29cm. |
||
| 942 |
_2ddc _cAGR |
||
| 999 |
_c634 _d634 |
||